| 000 -LEADER |
| fixed length control field |
00741nam a22001937a 4500 |
| 003 - CONTROL NUMBER IDENTIFIER |
| control field |
OSt |
| 005 - DATE AND TIME OF LATEST TRANSACTION |
| control field |
20191112085315.0 |
| 008 - FIXED-LENGTH DATA ELEMENTS--GENERAL INFORMATION |
| fixed length control field |
180220b xxu||||| |||| 00| 0 spa d |
| 040 ## - CATALOGING SOURCE |
| Transcribing agency |
PJ |
| 100 ## - ASIENTO PRINCIPAL - NOMBRE DE PERSONA |
| Personal name |
Padilla, Miguel M. |
| 9 (RLIN) |
631 |
| 245 13 - MENCIÓN DE TÍTULO |
| Título propiamente dicho |
La institución del comisionado parlamentario : |
| Parte restante del título |
(el "ombudsman") / |
| Mención de responsabilidad, etc |
Miguel M. Padilla. |
| 260 ## - PUBLICATION, DISTRIBUTION, ETC. (IMPRINT) |
| Place of publication, distribution, etc |
Buenos Aires : |
| Name of publisher, distributor, etc |
Plus Ultra, |
| Date of publication, distribution, etc |
1972. |
| 300 ## - DESCRIPCION FISICA |
| Extent |
106 p. |
| Dimensions |
20 cm. |
| 505 ## - FORMATTED CONTENTS NOTE |
| Formatted contents note |
La institución en el derecho comparado. -- Juicios sobre la institución. -- La defensa de los administrados en el panorama nacional. -- El comisionado del congreso. |
| 650 #0 - ASIENTO SECUNDARIO DE MATERIA - TERMINO TEMATICO |
| Topical term or geographic name as entry element |
DERECHO CONSTITUCIONAL |
| 9 (RLIN) |
178 |
| 650 #0 - ASIENTO SECUNDARIO DE MATERIA - TERMINO TEMATICO |
| Topical term or geographic name as entry element |
PODER LEGISLATIVO |
| 9 (RLIN) |
186 |
| 650 #0 - ASIENTO SECUNDARIO DE MATERIA - TERMINO TEMATICO |
| Topical term or geographic name as entry element |
OMBUDSMAN |
| 9 (RLIN) |
2351 |
| 942 ## - ADDED ENTRY ELEMENTS (KOHA) |
| Source of classification or shelving scheme |
|
| Koha item type |
Libros |
| Classification part |
342 |
| Item part |
PAD |